00237nam a22001097a 4500008004100000020001400041041000800055080000800063100000700071101000800078245004100086180914b xxu||||| |||| 00| 0 eng d a023104142 aeng a101 a24 aFIL aThe Making of the MindcRandall, J.H